Postavenie Ruska vo svetovom hospodárstve bakalárska práca

Enregistré dans:
Détails bibliographiques
Auteur principal: Hudáková, Jana
Collectivité auteur: Obchodná fakulta EU. Katedra medzinárodného obchodu
Autres auteurs: Oleksik, Ivan
Format: Livre
Langue:slovaque
Publié: Bratislava 2009
Tags: Ajouter un tag
Pas de tags, Soyez le premier à ajouter un tag!

MARC

LEADER 00000nam$a2200000$$$4500
001 0103429
005 20240318133809.1
041 0 |a slo 
044 |a SK 
245 1 0 |a Postavenie Ruska vo svetovom hospodárstve  |b bakalárska práca  |c Jana Hudáková ; škol. Ivan Oleksik 
264 1 |a Bratislava  |c 2009 
300 |a 56 s. 
100 1 |a Hudáková, Jana 
700 1 |a Oleksik, Ivan 
710 2 |a Obchodná fakulta EU. Katedra medzinárodného obchodu